Studi di storia del diritto
Uloženo v:
| Médium: | Kniha |
|---|---|
| Jazyk: | italština |
| Vydáno: |
Milán
A. Giuffrè
1999
|
| Edice: | Università degli Studi di Milano, 23
|
| Témata: | |
| Tagy: |
Přidat tag
Žádné tagy, Buďte první, kdo vytvoří štítek k tomuto záznamu!
|
MARC
| LEADER | 00000nam a2200000 a 4500 | ||
|---|---|---|---|
| 001 | UCN4379 | ||
| 003 | CL-VaPUC | ||
| 008 | 010803e19990000IT |||||||||||||||||ita|d | ||
| 082 | 0 | 4 | |a 340.09 |b STU |2 21 |
| 245 | 1 | 0 | |a Studi di storia del diritto |
| 300 | |a v | ||
| 942 | |c BK | ||
| 945 | |d 20010803 00:00:00 |a vberengu | ||
| 260 | |a Milán |b A. Giuffrè |c 1999 | ||
| 650 | 0 | |a Historia del derecho |9 255109 | |
| 650 | 0 | |a Derecho común |9 376758 | |
| 583 | |a last modification |c 20010803 00:00:00 |k Rodrigo Vera | ||
| 490 | 0 | |a Università degli Studi di Milano, 23 | |
| 999 | |c 296626 |d 296624 | ||
| 952 | |0 0 |1 0 |4 0 |6 340_090000000000000_STU_1999 |7 0 |8 DER_HIS |9 350574 |a BIBDER |b BIBDER |d 2019-11-20 |h v.2 |i 3741699 |o 340.09 STU 1999 |p 3741699 |r 2023-01-25 |w 2019-11-20 |x Ubicación 4to Piso |y BK |z Estos recursos deben solicitarse con anticipación |k DER | ||